000 00309nam a2200109Ia 4500
008 200302s9999 xx 000 0 und d
100 _aChristian Hauvette & Others
245 _aChristian Hauvette- Dwellings-Monuments-Machines/ Truth-Metaphor-Narrative
260 _bBirkhauser
260 _c2000
300 _a157
999 _c4425
_d4425